Sudden Death - MLS Teams - Statistics

General Stats
  • This quiz has been taken 46 times
  • The average score is 8 of 15
Answers on the Grid
Answers color-coded by a green-red scale on the quiz's grid according to % correct below.
Chicago Fire
Chicago Red Bulls
Baltimore Raiders
Colorado Rapids
Alaskan Beavers
Seattle Sounders
Canadian Rebels
Vancouver Whitecaps
Austin Green Trees
AC Miami
Inter Miami
New York City FC
New York Red Bulls
New York Dash
Kansas City Sporting
Missouri Rush
Saint Louis Reds
Saint Louis City SC
Minnesota United
Green Bay SC
Houston Fire
Houston Dynamo
Texans
Oklahoma Cookies
New England Revolution
South Boston
North Boston
Atlanta United
Portland Timbers
Los Angeles FC
 
Answer Stats
Answer % Correct
Chicago Fire
79%
Seattle Sounders
62%
Inter Miami
59%
Vancouver Whitecaps
59%
Colorado Rapids
53%
Kansas City Sporting
53%
Los Angeles FC
53%
New York City FC
53%
Atlanta United
50%
New York Red Bulls
50%
Saint Louis City SC
50%
Houston Dynamo
47%
Portland Timbers
47%
New England Revolution
44%
Minnesota United
35%
No matching quizzes found
Score Distribution
Percent of People with Each Score
Percentile by Number Answered
Your Score History
You have not taken this quiz